000 00335nam a22001097a 4500
050 _a(The) L 16
_b.K3 2024
100 _aKaluku Esther Nthoki
245 _aPrincipals management practices and promotion of social cohesion in public secondary in Machakos county
300 _a107p.
650 _bManagement of schools
942 _2lcc
_cTHE
999 _c18777
_d18777